Statistics for Lyrics- Look What You Made Me Do- Taylor Swift

Click here to take the quiz!

General Stats

  • This quiz has been taken 659 times
    (563 since last reset)
  • The average score is 251 of 294

Answer Stats

Answer % Correct
do
100%
do
100%
you
100%
do
100%
you
100%
You
100%
you
100%
do
100%
you
100%
do
100%
you
100%
you
100%
you
100%
you
100%
do
100%
You
100%
you
100%
you
100%
you
100%
do
100%
you
100%
do.
100%
me
99%
I
99%
me
99%
I
99%
me
99%
I
99%
I
99%
me
99%
I
99%
I
99%
me
99%
me
99%
me
99%
me
99%
I
99%
I
99%
me
99%
me
99%
me
99%
I
99%
I
99%
I
99%
me
99%
I
99%
me
99%
I
99%
I
99%
I
99%
I
99%
I
99%
I
99%
I
99%
I
99%
me
99%
the
98%
the
98%
made
98%
the
98%
the
98%
made
98%
made
98%
the
98%
The
98%
The
98%
made
98%
made
98%
the
98%
the
98%
made
98%
the
98%
made
98%
the
98%
the
98%
the
98%
the
98%
made
98%
what
97%
Look
97%
your
97%
your
97%
your
97%
what
97%
look
97%
Look
97%
what
97%
a
97%
your
97%
a
97%
what
97%
your
97%
a
97%
Look
97%
what
97%
a
97%
Look
97%
what
97%
what
97%
look
97%
Look
97%
don't
96%
Don't
96%
don't
96%
don't
96%
don't
96%
don't
96%
don't
96%
no
95%
no
95%
like
94%
like
94%
like
94%
like
94%
like
94%
like
94%
Oh
93%
Oh
93%
Oh,
93%
oh
93%
oh
93%
oh
93%
in
89%
in
89%
in
89%
in
89%
of
88%
of
88%
and
88%
on
88%
on
88%
And
88%
of
88%
and
88%
of
88%
and
88%
and
88%
of
88%
is
87%
just
87%
it
87%
it
87%
it
87%
just
87%
it
87%
just
87%
is
87%
just
87%
it
87%
is
87%
just
87%
it
87%
games
86%
to
86%
to
86%
time
86%
time
86%
to
86%
time
86%
time
86%
got
85%
all
85%
got
85%
got
85%
But
85%
but
85%
got
85%
but
85%
all
85%
all
85%
all
85%
But
85%
got
85%
got
85%
But
85%
got
85%
mine
84%
little
84%
dead
84%
mine
84%
dead.
84%
dead
84%
play
83%
stage
82%
be
82%
was
81%
when
81%
lie
81%
red
80%
nick
80%
yours.
80%
tilted
80%
red
80%
role
80%
gun
80%
nick
80%
fool
80%
yours
80%
yours
80%
laugh
79%
once
79%
list
79%
harder
79%
harder
79%
list
79%
twice
79%
once
79%
twice
79%
once
79%
check
78%
check
78%
smarter
78%
check
78%
check
78%
smarter
78%
for
77%
How
77%
for
77%
for
77%
for
77%
underlined
76%
from
76%
names
76%
then
76%
then
76%
underlined
76%
from
76%
names
76%
said
76%
then
76%
up
75%
rose
75%
up
75%
rose
75%
perfect
73%
crime
73%
'cause
72%
Taylor
72%
can't
72%
come
72%
not
72%
not
72%
now.
72%
phone
71%
Why?
71%
drama
71%
drama
71%
she's
71%
old
71%
right
70%
I've
69%
I've
69%
world
69%
karma
69%
world
69%
another
67%
another
67%
think
67%
day
67%
kingdom
67%
about
66%
bad
66%
get
66%
trust
66%
out
66%
cool
66%
nobody
65%
nobody
65%
one
65%
feast
64%
isn't
64%
Honey
64%
dreams
64%
Honey
64%
place
63%
sure
63%
I'll
63%
Locked
63%
actress
63%
threw
63%
keys
63%
They
62%
sleep
62%
asked
61%
belonged
61%
sorry
60%
thing's
60%
starring
59%
moves
59%
moves
59%
you'll
58%
trusts
58%
I'm
58%
Maybe
50%

Score Distribution

Percentile by Number Answered

Percent of People with Each Score

Your Score History

You have not taken this quiz since the last reset